| 000 | 00522nam a2200145Ia 4500 | ||
|---|---|---|---|
| 008 | 150610s9999 xx 000 0 und d | ||
| 020 | _a9789716919776 | ||
| 050 |
_aTA357.5 _b.T87 M87 2009 |
||
| 100 | _aMuriel, Amador. | ||
| 245 |
_aFolding water : _bthe search for a quantum theory of turbulence / _cAmador Muriel with Ninotchka Rosca. |
||
| 260 |
_a[S.l.] : _b Data Transport Systems, _c2009. |
||
| 300 |
_a183pages : _bill. (some col.) ; _c23 cm. |
||
| 520 | _aTurbulence. | ||
| 650 | _xFluid dynamic measurements. | ||
| 999 |
_c288231 _d288231 |
||